| 000 | 00430pab a2200169 454500 | ||
|---|---|---|---|
| 008 | 180718b2004 xxu||||| |||| 00| 0 eng d | ||
| 100 | _aPfluger, Michael | ||
| 245 | _aEconomic integration, wage policies, and social policies | ||
| 260 | _c2004 | ||
| 300 | _ap.135-50. | ||
| 362 | _aJan | ||
| 650 | _aSocial policy | ||
| 650 | _aWages | ||
| 650 | _aEconomic integration | ||
| 773 | _aOxford Economic Papers | ||
| 909 | _a59221 | ||
| 999 |
_c59221 _d59221 |
||